000 01093cam a22003254a 4500
001 12353786
003 OSt
005 20160910151409.0
008 010321s2002 cau b 001 0 eng
010 _a 2001025890
020 _a0-534-58473-X (alk. paper)
040 _aDLC
_cDLC
042 _apcc
050 0 0 _aHV43
_b.D45 2002
082 0 0 _aDC 361.322
_22002
_bD34i
100 1 _aDe Jong, Peter,
_d1945-
245 1 0 _aInterviewing for solutions /
_cPeter De Jong, Insoo Kim Berg.
250 _a2nd Edition
260 _aPacific Grove, CA :
_bBrooks/Cole,
_cc2002.
300 _axi, 324 pages ;
_c24 cm.
504 _aIncludes bibliographical references (p. 312-317) and index.
650 0 _aSocial case work.
650 0 _aInterviewing.
650 0 _aShort-term counseling.
650 0 _aSolution-focused therapy.
700 1 _aBerg, Insoo Kim.
906 _a7
_bcbc
_corignew
_d1
_eocip
_f20
_gy-gencatlg
942 _2ddc
_cDC
999 _c4471
_d4471